| 000 | 00833nam a22002897a 4500 | ||
|---|---|---|---|
| 001 | 00703 | ||
| 003 | DO-SdBPM | ||
| 005 | 20260209095743.0 | ||
| 007 | ta | ||
| 008 | 160704b1994 sp 00| 0 spa d | ||
| 020 | _a9788434827646 | ||
| 040 |
_aDO-SdBPM _bspa _cBPMSU _erda |
||
| 082 | 4 |
_a863.6 _bG633p 1994 _222 |
|
| 100 | 1 |
_aGómez Cerdá, Alfredo _d1951- _eautor _4aut. |
|
| 245 | 1 | 0 |
_aPupila de águila / _cAlfredo Gómez Cerdá |
| 250 | _a8a ed. | ||
| 264 |
_aMadrid : _bEdiciones S. M., _c1994. |
||
| 300 |
_a188 páginas ; _c21 cm. |
||
| 336 |
_atexto _btxt _2rdacontent |
||
| 337 |
_asin mediación _bn _2rdamedia |
||
| 338 |
_avolumen _bnc _2rdacarrier |
||
| 490 | 0 |
_aGran angular, _v97 |
|
| 590 | _aInventariado, 2026/VM | ||
| 650 | 7 | _aNovela española | |
| 910 | _aVMateo V. Control de calidad. BPMSU | ||
| 942 |
_2ddc _cBK |
||
| 999 |
_c10666 _d10666 |
||